000 00595cam a22002053a 4500
001 38969
003 PGUSA
005 20140828083848.0
008 120227s2012||||xxu|||||s|||||000 | eng d
040 _aPGUSA
_beng
042 _adc
100 1 _aChapman, Allen
245 1 0 _aRalph, the Train Dispatcher :
_bThe Mystery of the Pay Car
_h[electronic resource] /
_cAllen Chapman
260 _bProject Gutenberg,
_c2012
506 _aPublic domain in the USA.
516 _aElectronic text
830 0 _aProject Gutenberg
_v38969
856 4 0 _uhttp://www.gutenberg.org/ebooks/38969
942 _cEB
999 _c268222
_d268222